Central Library OPAC University of Rajshahi

Structural geology / (Record no. 61660)

MARC details
000 -LEADER
fixed length control field 00761nam a2200253 a 4500
001 - CONTROL NUMBER
control field 61660
003 - CONTROL NUMBER IDENTIFIER
rucl marc code BD-RjUL
005 - DATE AND TIME OF LATEST TRANSACTION
control field 20211209081005.0
008 - FIXED-LENGTH DATA ELEMENTS--GENERAL INFORMATION
fixed length control field 170121r19641961njua b 001 0 eng d
035 ## - SYSTEM CONTROL NUMBER
System control number (BD-RjUL)61784
040 ## - CATALOGING SOURCE
Original cataloging agency DLC
Transcribing agency DLC
Modifying agency DLC
-- BD-RjUL
Language of cataloging eng
041 ## - LANGUAGE CODE
Language code of text/sound track or separate title eng
082 00 - DEWEY DECIMAL CLASSIFICATION NUMBER
Classification number 551.8
Author mark and year BIS 1964
Edition number 23
100 1# - MAIN ENTRY--PERSONAL NAME
Personal name Billings, Marland Pratt,
Dates associated with a name 1902-
9 (RLIN) 34947
245 00 - TITLE STATEMENT
Title Structural geology /
Statement of responsibility, etc. [by] Marland P. Billings.
250 ## - EDITION STATEMENT
Edition statement Modern Asia ed.
260 ## - PUBLICATION, DISTRIBUTION, ETC. (IMPRINT)
Place of publication, distribution, etc. Englewood Cliffs, N.J. :
Name of publisher, distributor, etc. Prentice-Hall,
Date of publication, distribution, etc. 1961 [Printing 1964]
300 ## - PHYSICAL DESCRIPTION
Pagination xv, 514 p. :
Illustrations ill. ;
Size 24 cm.
350 ## - PRICE (NR) (BK AM CF MU VM SE) [OBSOLETE]
Price $15.95
504 ## - BIBLIOGRAPHY, ETC. NOTE
Bibliography, etc Includes bibliographical references.
650 #0 - SUBJECT ADDED ENTRY--TOPICAL TERM
Topical term or geographic name as entry element Geology, Structural.
9 (RLIN) 34948
942 ## - ADDED ENTRY ELEMENTS (KOHA)
Source of classification or shelving scheme Dewey Decimal Classification
Koha item type Books
Holdings
Lost status Source of classification or shelving scheme Damaged status Not for loan Collection code Permanent Location Current Location Shelving location Date acquired Source of acquisition Cost, normal purchase price Total Checkouts Full call number Date last seen Copy number Koha item type
  Dewey Decimal Classification   Not For Loan Non-fiction Central Library, University of Rajshahi Central Library, University of Rajshahi Reading Room 11/01/1973 Eureka book Agency, Rajshahi 58.50   551.8 BIS 1964 21/01/2017 C-1 Books